000
00284nam a22001097a 4500
008
160511b xxu||||| |||| 00| 0 eng d
020
_a
9781305080355
041
_a
eng
080
_a
316.77
245
_a
Media now:
_c
Joseph Straubhaar; Robert Larose; Lucinda Davenport;
942
_2
udc
_c
BK
999
_c
2031
_d
2031